Gardening with free-range chickens for dummies
Provides guidance and step-by-step instructions for designing and implementing a host of different chicken-friendly garden plans, offers an overview of caring for a flock, and discusses the anatomy of a coop -- |c Source other than Library of Congress.
Đã lưu trong:
| Tác giả chính: | |
|---|---|
| Tác giả khác: | , , |
| Định dạng: | Sách |
| Ngôn ngữ: | English |
| Được phát hành: |
Hoboken, NJ
John Wiley and Sons
2013
|
| Loạt: | For dummies.
|
| Những chủ đề: | |
| Các nhãn: |
Thêm thẻ
Không có thẻ, Là người đầu tiên thẻ bản ghi này!
|
| Thư viện lưu trữ: | Mạng thư viện Đại học Đà Nẵng |
|---|
| LEADER | 01658nam a2200397 4500 | ||
|---|---|---|---|
| 001 | 000024437 | ||
| 003 | 20925 | ||
| 005 | 20161209081239.0 | ||
| 008 | 161209s2013 engsd | ||
| 020 | |a 1118547543 (pbk.) |a 9781118547540 (pbk.) |a 9781118612729 (ebk.) |a 9781118612644 (ebk.) | ||
| 041 | 0 | |a eng | |
| 082 | 0 | 0 | |a 636.5 |b MA-B |
| 100 | 1 | |a Manion, Bonnie Jo. |q (Laura Ann) | |
| 245 | 1 | 0 | |a Gardening with free-range chickens for dummies |c by Bonnie Jo Manion and Rob Ludlow. |
| 260 | |a Hoboken, NJ |b John Wiley and Sons |c 2013 | ||
| 300 | |a xviii, 266 p. |b ill. (come col.) |c 23 cm. | ||
| 490 | 0 | |a For dummies. | |
| 500 | |a Creating Enough Shade. | ||
| 520 | 3 | |a Provides guidance and step-by-step instructions for designing and implementing a host of different chicken-friendly garden plans, offers an overview of caring for a flock, and discusses the anatomy of a coop -- |c Source other than Library of Congress. | |
| 650 | 0 | |a Chickens. | |
| 650 | 0 | |a Chickens |x Housing. | |
| 650 | 0 | |a Gardening to attract birds. | |
| 653 | |a Agriculture | ||
| 700 | 1 | |a Ludlow, Rob. |d 1955- |d 1906-1998. |d 1933- |d 1960- |q (Susan Maxine) | |
| 700 | 1 | |d 1952- |d 1949- |d 1954- | |
| 700 | 1 | |d 1923- |q (Melvin Lawrence) | |
| OWN | |a LSP | ||
| AVA | |a UDN50 |b LSP |d 636.5 MA-B |e available |t Error 5001 Not defined in file expand_doc_bib_avail. |f 2 |g 0 |h N |i 0 |k 1 | ||
| 999 | |a From the UDN01 | ||
| AVA | |a UDN50 |b LSP |d 636.5 MA-B |e available |t Error 5001 Not defined in file expand_doc_bib_avail. |f 2 |g 0 |h N |i 0 |k 1 | ||
| TYP | |a Monograph | ||
| TYP | |a Printed language | ||
| 980 | |a Mạng thư viện Đại học Đà Nẵng | ||


